Emil Zátopek vypravuje /

Hlavní autor: Zátopek, Emil, 1922-2000
Další autoři: Kožík, František, 1909-1997
Jazyk: Čeština
Vydáno: Praha : Státní nakladatelství dětské knihy, 1955
Vydání: 1. vyd.
Edice: Živé prameny (Státní nakladatelství dětské knihy)
Externí odkaz: Digitalizovaný dokument
Fyzický popis: 63 s., [8] s. obr. příl. : il. ; 24 cm
Knihy
Uloženo v:
LEADER 01503nam a22003492a 4500
001 000404778
003 CZ BrMZK
005 20150629113427.0
007 ta
008 990305s1955 xr af f 000 0 cze d
015 |a cnb000718624 
020 |q (Brož.) :  |c Kčs 3,65 
035 |a (OCoLC)85443568 
040 |a ABA001  |b cze  |c ULG001  |d ABA001  |d BOA001 
100 1 |a Zátopek, Emil,  |d 1922-2000  |7 jk01152198  |4 aut 
245 1 0 |a Emil Zátopek vypravuje /  |c František Kožík 
250 |a 1. vyd. 
260 |a Praha :  |b Státní nakladatelství dětské knihy,  |c 1955 
300 |a 63 s., [8] s. obr. příl. :  |b il. ;  |c 24 cm 
490 1 |a Živé prameny ;  |v sv. 11 
500 |a 30000 výt. 
521 8 |a Pro čtenáře od 11 let 
700 1 |a Kožík, František,  |d 1909-1997  |7 jk01062651  |4 edt 
830 0 |a Živé prameny (Státní nakladatelství dětské knihy)  |0 s 
856 4 1 |u http://www.digitalniknihovna.cz/mzk/uuid/uuid:55811b80-2447-11e4-8f64-005056827e52  |y Digitalizovaný dokument  |x NDK 
910 |a BOA001  |b 2-0343.024  |b PK-0010.568 
920 |a 000318333 
990 |a BK 
996 7 |b 2619772520  |c 2-0343.024  |l MZK  |r Sklad / do 24 hodin  |n 13  |w 000404778  |u 000010  |a 1  |e BOA001  |j MZK50  |s A 
996 6 |b 2619782484  |c 2-0343.024  |l MZK  |r Sklad / do 24 hodin  |n 6  |w 000404778  |u 000020  |a 1  |e BOA001  |j MZK50  |s P 
996 7 |b 3119692682  |c PK-0010.568  |l MZK  |r Sklad / do 1 hodiny  |n 2  |w 000404778  |u 000040  |a 1  |e BOA001  |j MZK50  |s A 
996 7 |b 3119926108  |c PK-0010.568  |l MZK  |r Sklad / do 1 hodiny  |n 9  |w 000404778  |u 000030  |a 1  |e BOA001  |j MZK50  |s A